| 000 | 00524nam a2200181Ia 4500 | ||
|---|---|---|---|
| 001 | 55194 | ||
| 008 | 140505s9999 xx 000 0 und d | ||
| 020 | _aNA | ||
| 040 | _cPK-LaUMT | ||
| 082 |
_aMAL 333.914 _bOCE- |
||
| 100 | _aAbrahim Lavi | ||
| 245 |
_aOcean thermal energy conversion conference [5th: 1978: Miami Beach, Flirida] _cAbrahim Lavi |
||
| 260 |
_aMiami,USA: _bThe Clean Energy Research Institute, Uni. of Miami, _c1978 |
||
| 501 | _a2 vols | ||
| 546 | _aEN | ||
| 650 | _aOcean thermal energy | ||
| 942 | _cBK | ||
| 999 |
_c52550 _d52550 |
||